| Tag |
First Indicator |
Second Indicator |
Subfields |
| LEADER |
00000cam a22000004a 4500 |
| 001 |
in00002339817 |
| 005 |
20151108050347.0 |
| 008 |
070912s2007 enk bd 000 0 eng |
| 010 |
|
|
|a 2007037558
|
| 015 |
|
|
|a GBA742855
|2 bnb
|
| 016 |
7 |
|
|a 013761127
|2 Uk
|
| 020 |
|
|
|a 9780199208395
|
| 020 |
|
|
|a 0199208395
|
| 035 |
|
|
|a (OCoLC)ocn141379841
|
| 035 |
|
|
|a (OCoLC)141379841
|
| 040 |
|
|
|a DLC
|c DLC
|d UKM
|d BAKER
|d BTCTA
|d C#P
|d YDXCP
|d UtOrBLW
|
| 049 |
|
|
|a TXAM
|
| 050 |
0 |
0 |
|a PE1449
|b .H548 2007
|
| 082 |
0 |
0 |
|a 427/.0903
|2 22
|
| 100 |
1 |
|
|a Holder, R. W.
|
| 245 |
1 |
0 |
|a How not to say what you mean :
|b a dictionary of euphemisms /
|c R.W. Holder.
|
| 246 |
3 |
0 |
|a Dictionary of euphemisms
|
| 250 |
|
|
|a 4th ed.
|
| 264 |
|
1 |
|a Oxford ;
|a New York :
|b Oxford University Press,
|c 2007.
|
| 300 |
|
|
|a xvi, 410 pages ;
|c 21 cm.
|
| 336 |
|
|
|a text
|b txt
|2 rdacontent
|
| 337 |
|
|
|a unmediated
|b n
|2 rdamedia
|
| 338 |
|
|
|a volume
|b nc
|2 rdacarrier
|
| 504 |
|
|
|a Includes bibliographical references (pages [xi]-xvi).
|
| 650 |
|
0 |
|a English language
|x Euphemism
|v Dictionaries.
|
| 650 |
|
0 |
|a English language
|x Synonyms and antonyms.
|
| 650 |
|
0 |
|a Vocabulary.
|
| 938 |
|
|
|a Baker & Taylor
|b BKTY
|c 18.95
|d 14.21
|i 0199208395
|n 0007261181
|s active
|
| 938 |
|
|
|a Baker and Taylor
|b BTCP
|n BK0007261181
|
| 938 |
|
|
|a YBP Library Services
|b YANK
|n 100470129
|
| 945 |
|
|
|a PromptCat
|b 253397
|
| 946 |
|
|
|a stk
|
| 947 |
|
|
|a A14836478000
|
| 948 |
|
|
|a cataloged
|b h
|c 2007/10/31
|d c
|e dmartine
|f 2:47:32 pm
|
| 994 |
|
|
|a 92
|b TXA
|
| 999 |
|
|
|a MARS
|
| 999 |
f |
f |
|s d4e94e9c-8189-3bb0-9394-c5e62bede31c
|i c993c2e0-beeb-3301-801f-66c9415368ca
|t 0
|
| 952 |
f |
f |
|p ric
|a Texas A&M University
|b Rellis Campus
|c Joint Library Facility
|d Remote Storage
|t 0
|e PE1449 .H548 2007
|h Library of Congress classification
|i unmediated -- volume
|m A14836478000
|
| 998 |
f |
f |
|a PE1449 .H548 2007
|t 0
|l Remote Storage
|